| 000 | 00601nam a2200169 i 4500 | ||
|---|---|---|---|
| 001 | 129746 | ||
| 003 | ES-MaACL | ||
| 005 | 20250920063100.0 | ||
| 007 | t| | ||
| 008 | 070704s1915 sp ||||1| spa d | ||
| 100 | 1 |
_aZozaya, Antonio, _d1859-1943 _9118374 |
|
| 245 | 1 | 3 |
_aLa guerra de las ideas _b: la filosofía, el derecho, la moral, la historia, la estética, la sociología / _cAntonio Zozaya. |
| 260 |
_aMadrid : _bSociedad General Española de Librería, _c1915 ( _fImp. de Ediciones España) |
||
| 300 |
_a224 p. ; _c19 cm. |
||
| 852 |
_aES-MaACL _jF-10096 |
||
| 999 |
_c129746 _d129746 |
||